| Tag |
First Indicator |
Second Indicator |
Subfields |
| LEADER |
00000cam a2200000Ia 4500 |
| 001 |
in00002187721 |
| 005 |
20151104071945.0 |
| 008 |
060606s2006 ne a b 000 0 eng d |
| 020 |
|
|
|a 1402046529 (hd.bd.)
|
| 024 |
3 |
|
|a 9781402046520
|
| 035 |
|
|
|a (OCoLC)69983612
|
| 040 |
|
|
|a OHX
|c OHX
|d BAKER
|d TXA
|d UtOrBLW
|
| 049 |
|
|
|a TXAM
|
| 050 |
|
4 |
|a T11.5
|b .B96 2006
|
| 100 |
1 |
|
|a Byrne, Jody.
|
| 245 |
1 |
0 |
|a Technical translation :
|b usability strategies for translating technical documentation /
|c Jody Byrne.
|
| 264 |
|
1 |
|a Dordrecht :
|b Springer,
|c [2006]
|
| 264 |
|
4 |
|c ©2006
|
| 300 |
|
|
|a xiii, 280 pages :
|b illustrations ;
|c 25 cm.
|
| 336 |
|
|
|a text
|b txt
|2 rdacontent
|
| 337 |
|
|
|a unmediated
|b n
|2 rdamedia
|
| 338 |
|
|
|a volume
|b nc
|2 rdacarrier
|
| 504 |
|
|
|a Includes bibliographical references (pages 259-269).
|
| 505 |
0 |
0 |
|t Technical translation --
|t Technical communication --
|t Understanding users --
|t Usability engineering --
|t Assessing usability.
|
| 650 |
|
0 |
|a Technical literature
|x Translating.
|
| 650 |
|
0 |
|a Translating and interpreting.
|
| 650 |
|
0 |
|a Technology
|x Translating.
|
| 948 |
|
|
|a cataloged
|b h
|c 2006/9/9
|d c
|e jgreene
|f 12:49:56 pm
|
| 994 |
|
|
|a C0
|b TXA
|
| 999 |
|
|
|a MARS
|
| 999 |
f |
f |
|s a451cb01-9ed4-3328-bba5-166110acb983
|i 94c6d28c-50ac-38dc-bd07-d7457148e1e3
|t 0
|
| 952 |
f |
f |
|p ric
|a Texas A&M University
|b Rellis Campus
|c Joint Library Facility
|d Remote Storage
|t 0
|e T11.5 .B96 2006
|h Library of Congress classification
|i unmediated -- volume
|m A14834154391
|
| 998 |
f |
f |
|a T11.5 .B96 2006
|t 0
|l Remote Storage
|